The logic of scientific discovery
Сохранить в:
| Главный автор: | |
|---|---|
| Формат: | |
| Язык: | английский |
| Опубликовано: |
Nueva York
Harper Torchbooks
1965
|
| Серии: | The Science Library, 576
|
| Предметы: | |
| Метки: |
Добавить метку
Нет меток, Требуется 1-ая метка записи!
|
MARC
| LEADER | 00000nam a2200000 a 4500 | ||
|---|---|---|---|
| 001 | UCH1156 | ||
| 003 | CL-VaPUC | ||
| 008 | 090409e19650000US |||||||||||||||||eng|d | ||
| 082 | 0 | 4 | |a 501 |b POP |2 21 |
| 100 | |a Pooper, Karl R. |e author |9 311826 | ||
| 245 | 1 | 4 | |a The logic of scientific discovery |
| 300 | |a 479 p | ||
| 942 | |c BK | ||
| 945 | |d 20090409 00:00:00 |a rbrito | ||
| 260 | |a Nueva York |b Harper Torchbooks |c 1965 | ||
| 650 | 0 | |a Filosofía de las ciencias |9 256466 | |
| 583 | |a last modification |c 20090409 00:00:00 |k Rodrigo Vera | ||
| 490 | 0 | |a The Science Library, 576 | |
| 999 | |c 333229 |d 333227 | ||